000 00697nam a22001817a 4500
999 _c196138
_d196138
005 20230710161128.0
010 _aB-754146-166 CHEN 25.5.23
020 _a9788131936436
_c99.00
035 _aB-754146-166
037 _bB.Jain Publishers (P) Ltd.
082 _a921
245 _aMahatma Gandhi /
260 _aNoida
_bB.Jain Publishers (P) Ltd.
_c202?
270 _aD-157, Sector 63, Noida
_bU.P.
_e201307
300 _a72p.
_bcol.ill
_c21cm(pbk)
942 _2ddc
_cCH
_mMAH
_h921